000 00237 a2200097 4500
001 33764
100 _aJah, Syed Asif
245 _aPakistan Ghouri say Shaheen Tak [Urdu]
260 _aLahore
_bSohni Dharti
_c2000
090 _c22421
_d22421
942 _aNUST-CAE
_cM
_c13805
999 _c268837
_d268837